01262nam a2200337 c 450000100060000000300100000600500170001600700030003300800410003602000180007704000350009504100130013004300120014308400060015510000490016124501230021025000210033326400430035430000420039733600270043933700330046633800280049952100610052765000530058865000530064165000400069470000270073494200160076199900170077795201300079458228CO-BoRNBP20250820203908.0ta160801s2007 sp a br 000 j spa d a9788426131188 aCO-BoRNBPbspaerdacCO-BoRNBP1 aspaheng ae-uk-en aC aErnst, Lisa Campbelld1957-eauteill96270211a¿Dónde está el libro de Clara? /ctexto e ilustraciones de Lisa Campbell Ernst; traducción de Christiane Reyes. aQuinta edición 1aBarcelona, España :bJuventud,c2007 a36 páginas :bilustraciones a color atextobtxt2rdacontent asin mediaciónbn2rdamedia avolumenbnc2rdacarrier1 aRecomendado para un público infantil mayor de 8 años04aCuentos infantiles inglesesysiglo xx2LEMB974104aLiteratura infantil inglesaysiglo xx2LEMB970107aNiños en la literatura2lemb9873 aReyes, Christianeetrl 2loccBKLITI c58228d58228 00102lcc40708INFaMEFTEORObMEFTEOROcSInfd2025-08-20l0oC ERN1pFo02595r2025-08-20 20:48:00tEj.1w2025-08-20yBKLITI